[Event "Titled Tuesday intern op 02nd Apr Late"]
[Site "Chess.com INT"]
[Date "2024.04.02"]
[Round "7"]
[White "Reinecke, Katharina"]
[Black "Chassard, Cedric"]
[Result "0-1"]
[WhiteElo "1962"]
[BlackElo "2254"]
[PlyCount "64"]
[EventDate "2024.04.02"]
[EventType "swiss (blitz)"]
[EventRounds "11"]
[EventCountry "USA"]
[SourceTitle "CB15_2024"]
[SourceDate "2024.04.10"]
[SourceVersion "1"]
[SourceVersionDate "2024.04.10"]
[SourceQuality "1"]

1. d4 Nf6 2. c4 e6 3. Nf3 d5 4. g3 dxc4 5. Bg2 a6 6. a4 c5 7. 0-0 Nc6 8. e3 cxd4 9. Nxd4 Nxd4 10. exd4 Be7 11. Na3 Qc7 12. Qe2 c3 13. bxc3 Qxc3 14. Bb2 Qb3 15. Nc4 0-0 16. Rfb1 Nd5 17. Ba3 Qc3 18. Bxe7 Nxe7 19. Nb6 Rb8 20. Rc1 Qxd4 21. Rab1 Nd5 22. Nxc8 Rfxc8 23. Rxc8+ Rxc8 24. Bxd5 Qxd5 25. Qb2 g6 26. h4 h5 27. Qe2 b5 28. Rd1 Qc4 29. Qe5 Qxa4 30. Re1 Qc4 31. Qf6 Qc3 32. Rd1 Qxf6 0-1

[Event "Staufer op 34th"]
[Site "Schwaebisch Gmuend"]
[Date "2024.01.05"]
[Round "8"]
[White "Chassard, Cedric"]
[Black "Schwab, Matthias"]
[Result "1-0"]
[WhiteElo "2253"]
[BlackElo "2128"]
[PlyCount "99"]
[EventDate "2024.01.02"]
[EventType "swiss"]
[EventRounds "9"]
[EventCountry "GER"]
[SourceTitle "CB02_2024"]
[SourceDate "2024.01.10"]
[SourceVersion "1"]
[SourceVersionDate "2024.01.10"]
[SourceQuality "1"]

1. e4 c5 2. Nf3 d6 3. d4 cxd4 4. Nxd4 Nf6 5. Nc3 g6 6. f3 Bg7 7. Be3 0-0 8. Qd2 Nc6 9. 0-0-0 Bd7 10. g4 Rc8 11. h4 Ne5 12. h5 Qa5 13. Kb1 Rxc3 14. Qxc3 Qxc3 15. bxc3 Nxf3 16. Nxf3 Bxg4 17. h6 Bh8 18. Bg2 Nxe4 19. Rd3 Nxc3+ 20. Kc1 Bf5 21. Rd2 Nxa2+ 22. Kd1 Rc8 23. Bd4 e5 24. Be3 Nc3+ 25. Ke1 Ne4 26. Nh4 Nxd2 27. Nxf5 gxf5 28. Kxd2 f4 29. Bxa7 Kf8 30. Rb1 Ke7 31. Bd5 Rc7 32. Bb8 Rd7 33. Kd3 f5 34. Rg1 e4+ 35. Kd2 Rd8 36. Bc7 Rc8 37. Rg7+ Kf6 38. Rd7 f3 39. Bxb7 Re8 40. Bb6 Ke5 41. Rxh7 Kf4 42. Be3+ Kg4 43. Bc6 Rc8 44. Rg7+ Kh5 45. Bd7 Bxg7 46. Bxc8 Bxh6 47. Bxh6 Kxh6 48. Bxf5 f2 49. Ke2 e3 50. Bh3 1-0

[Event "Bayern-chI Bank Hofmann 26th"]
[Site "Tegernsee"]
[Date "2023.10.30"]
[Round "3"]
[White "Chassard, Cedric"]
[Black "Stocek, Jiri"]
[Result "0-1"]
[WhiteElo "2326"]
[BlackElo "2535"]
[PlyCount "46"]
[EventDate "2023.10.28"]
[EventType "swiss"]
[EventRounds "9"]
[EventCountry "GER"]
[SourceTitle "Mega2024 Update 01"]
[Source "Chessbase"]
[SourceDate "2023.11.12"]
[SourceVersion "1"]
[SourceVersionDate "2023.11.12"]
[SourceQuality "1"]

1. e4 e5 2. Nf3 Nc6 3. Bb5 a6 4. Ba4 g6 5. c3 Bg7 6. 0-0 b5 7. Bb3 d6 8. d4 exd4 9. Ng5 Nh6 10. Bd5 Bd7 11. cxd4 Rc8 12. Be3 Ne7 13. Bb3 c5 14. h3 0-0 15. Nc3 c4 16. Bc2 b4 17. Na4 d5 18. Nc5 Bb5 19. Qc1 dxe4 20. Nge6 fxe6 21. Bxh6 Bxh6 22. Qxh6 Nf5 23. Qd2 Rxc5 0-1

[Event "Titled Tuesday intern op 19th Sep Early"]
[Site "Chess.com INT"]
[Date "2023.09.19"]
[Round "2"]
[White "Kovalev, Vladislav"]
[Black "Chassard, Cedric"]
[Result "1-0"]
[WhiteElo "2582"]
[BlackElo "2349"]
[PlyCount "61"]
[EventDate "2023.09.19"]
[EventType "swiss (blitz)"]
[EventRounds "11"]
[EventCountry "USA"]
[SourceTitle "EXT 2024"]
[Source "ChessBase"]
[SourceDate "2023.10.10"]
[SourceVersion "1"]
[SourceVersionDate "2023.10.10"]
[SourceQuality "1"]

1. e4 e5 2. Nf3 Nc6 3. Bb5 a6 4. Ba4 Nf6 5. 0-0 Be7 6. d3 b5 7. Bb3 d6 8. a3 Bg4 9. Be3 0-0 10. h3 Bxf3 11. Qxf3 Nd4 12. Bxd4 exd4 13. Nd2 Nd7 14. Qe2 Nc5 15. Ba2 c6 16. f4 Bf6 17. Nf3 Re8 18. Qf2 Qb6 19. e5 dxe5 20. fxe5 Be7 21. Nxd4 Ne6 22. Nxe6 Qxf2+ 23. Rxf2 fxe6 24. Bxe6+ Kh8 25. Bf7 Bc5 26. Bxe8 Rxe8 27. Re1 Rf8 28. Ree2 Rf5 29. c3 Bxf2+ 30. Rxf2 Rxe5 31. Rf8# 1-0

[Event "Titled Tuesday intern op 12th Sep Early"]
[Site "Chess.com INT"]
[Date "2023.09.12"]
[Round "4"]
[White "Chassard, Cedric"]
[Black "Fiorito, Joaquin"]
[Result "0-1"]
[WhiteElo "2349"]
[BlackElo "2399"]
[PlyCount "86"]
[EventDate "2023.09.12"]
[EventType "swiss (blitz)"]
[EventRounds "11"]
[EventCountry "USA"]
[SourceTitle "EXT 2024"]
[Source "ChessBase"]
[SourceDate "2023.10.10"]
[SourceVersion "1"]
[SourceVersionDate "2023.10.10"]
[SourceQuality "1"]

1. e4 c5 2. Nf3 d6 3. Bb5+ Nd7 4. Ba4 Ngf6 5. 0-0 g6 6. d4 cxd4 7. Nxd4 Bg7 8. Re1 0-0 9. c3 a6 10. Bc2 Qc7 11. Be3 b5 12. a4 bxa4 13. Rxa4 Bb7 14. f3 d5 15. exd5 Nxd5 16. Bf2 Nc5 17. Rc4 Qd6 18. Rxc5 Qxc5 19. Ne6 Qd6 20. Nxf8 Rxf8 21. Nd2 Rd8 22. Ne4 Qc7 23. Qa1 Be5 24. Bg3 Bxg3 25. Nxg3 Qb6+ 26. Kh1 Nf4 27. Be4 Bc8 28. Qc1 Qf2 29. Rg1 Rd2 30. Qf1 Nh3 31. b4 Nxg1 32. Qxf2 Rxf2 33. Kxg1 Rb2 34. Nf1 Rb3 35. c4 Rxb4 36. Nd2 Rb2 37. Nf1 f5 38. Bc6 f4 39. g3 e5 40. gxf4 exf4 41. Bd5+ Kg7 42. h3 Bxh3 43. Nh2 Bf5 0-1

[Event "Titled Tuesday intern op 18th Jul Late"]
[Site "Chess.com INT"]
[Date "2023.07.18"]
[Round "7"]
[White "Chassard, Cedric"]
[Black "Urbina Perez, Juan Antonio"]
[Result "0-1"]
[WhiteElo "2326"]
[BlackElo "2266"]
[PlyCount "138"]
[EventDate "2023.07.18"]
[EventType "swiss (blitz)"]
[EventRounds "11"]
[EventCountry "USA"]
[SourceTitle "EXT 2024"]
[Source "ChessBase"]
[SourceDate "2023.10.10"]
[SourceVersion "1"]
[SourceVersionDate "2023.10.10"]
[SourceQuality "1"]

1. e4 c5 2. Nf3 d6 3. Bb5+ Bd7 4. Bxd7+ Nxd7 5. 0-0 Ngf6 6. Qe2 e6 7. c3 Be7 8. d4 0-0 9. Bg5 Re8 10. Rd1 Qc7 11. Nbd2 cxd4 12. cxd4 Qb6 13. Nf1 Rac8 14. Ng3 h6 15. Be3 Qa5 16. Qd2 Qxd2 17. Rxd2 Ng4 18. Nf1 Nb6 19. Rd3 Rc2 20. Rd2 Rec8 21. Rad1 Rxd2 22. Bxd2 Nf6 23. Ng3 Rc2 24. Bc1 Na4 25. Ne1 Nxb2 26. Nxc2 Nxd1 27. Kf1 Nc3 28. f3 Nxa2 29. Bd2 d5 30. e5 Nd7 31. Ke2 Nb6 32. Kd3 Nc4 33. Bc3 Nxc3 34. Kxc3 Kf8 35. Ne2 Ke8 36. Nc1 Kd7 37. Nd3 a5 38. f4 g6 39. g4 b5 40. Kb3 Kc6 41. h3 Nd2+ 42. Kc3 Ne4+ 43. Kb3 b4 44. Ne3 Kb5 45. f5 gxf5 46. gxf5 a4+ 47. Kc2 a3 48. Kb3 Nd2+ 49. Ka2 b3+ 50. Ka1 b2+ 51. Nxb2 axb2+ 52. Kxb2 Nc4+ 53. Nxc4 Kxc4 54. f6 Bxf6 55. exf6 Kxd4 56. Kc2 Ke5 57. Kd2 Kxf6 58. Kd3 Kg5 59. Kd4 Kh4 60. Kc5 Kxh3 61. Kd6 d4 62. Ke7 d3 63. Kxf7 d2 64. Kxe6 d1Q 65. Ke5 Qg4 66. Kf6 Kg3 67. Ke5 h5 68. Kf6 h4 69. Kf7 h3 0-1

[Event "Titled Tuesday intern op 18th Jul Late"]
[Site "Chess.com INT"]
[Date "2023.07.18"]
[Round "8"]
[White "Korkmaz, Necmettin"]
[Black "Chassard, Cedric"]
[Result "1-0"]
[WhiteElo "2066"]
[BlackElo "2326"]
[PlyCount "41"]
[EventDate "2023.07.18"]
[EventType "swiss (blitz)"]
[EventRounds "11"]
[EventCountry "USA"]
[SourceTitle "EXT 2024"]
[Source "ChessBase"]
[SourceDate "2023.10.10"]
[SourceVersion "1"]
[SourceVersionDate "2023.10.10"]
[SourceQuality "1"]

1. e4 e5 2. Nf3 Nc6 3. d4 exd4 4. Bc4 Bc5 5. 0-0 Nf6 6. e5 d5 7. exf6 dxc4 8. Re1+ Be6 9. Ng5 0-0 10. Rxe6 fxe6 11. Qh5 Rxf6 12. Qxh7+ Kf8 13. Qh8+ Ke7 14. Qxg7+ Kd6 15. Ne4+ Ke5 16. Nxf6 Qxf6 17. f4+ Kf5 18. g4+ Ke4 19. Qxf6 d3+ 20. Kg2 Nd4 21. Nc3# 1-0

[Event "Titled Tuesday intern op 11th Jul Late"]
[Site "Chess.com INT"]
[Date "2023.07.11"]
[Round "1"]
[White "Chassard, Cedric"]
[Black "Adewumi, Tanitoluwa"]
[Result "0-1"]
[WhiteElo "2326"]
[BlackElo "2276"]
[PlyCount "60"]
[EventDate "2023.07.11"]
[EventType "swiss (blitz)"]
[EventRounds "11"]
[EventCountry "USA"]
[SourceTitle "EXT 2024"]
[Source "ChessBase"]
[SourceDate "2023.10.10"]
[SourceVersion "1"]
[SourceVersionDate "2023.10.10"]
[SourceQuality "1"]

1. e4 c5 2. Nf3 e6 3. g3 Nf6 4. e5 Nd5 5. c4 Nb6 6. Nc3 d5 7. exd6 Bxd6 8. d4 cxd4 9. Qxd4 0-0 10. c5 Nd5 11. cxd6 Nc6 12. Qd1 Nxc3 13. bxc3 Qf6 14. Bb2 e5 15. Bg2 Bg4 16. c4 Rad8 17. c5 Qe6 18. Qb3 Qf6 19. 0-0 b6 20. cxb6 axb6 21. Rac1 Rxd6 22. Ba3 e4 23. Bxd6 exf3 24. Bxf8 fxg2 25. Kxg2 Nd4 26. f3 Nxb3 27. fxg4 Qb2+ 28. Kh3 Nxc1 29. Bd6 Nd3 30. Rd1 Nf2+ 0-1